000 00277nam a2200109Ia 4500
008 220120s9999||||xx |||||||||||||| ||und||
100 _aChandrashekaraiah, P.M
245 0 _aBasic electrical engineering
260 _aRajeswari
_c2002
300 _b0
650 _aCOMPUTER SCIENCE
999 _c136744
_d136744